Krestianského Včenj Zretedlné Wyloženj, z Katechysma

Bibliographic Details
Main Author: Bellarmino, Roberto, svätý, 1542-1621 (Author)
Corporate Author: Akademická tlačiareň (Trnava, Slovensko) (Printer)
Format: Book
Language:Czech
PhysicalDescription:195, [1] s. 8° 16 x 10 cm
Published: Wytištěno v Trnavě w Ympressy Acad. 1744
Edition:1. vyd.
Subjects:

MARC

LEADER 00000cam a2200000 a 4500
001 vtls001474612
003 SK-MaSNL
005 20260301203747.0
008 240318s1744 xo 0 cze
015 |a SNBHFA 
035 |a SNK000429913 
040 |a SNK  |b slo  |c SNK  |e AACR2 
041 0 |a cze 
044 |a xo  |c SK 
072 7 |a 2  |x Náboženstvo  |2 konspekt 
072 7 |a 27-46/-48  |x Pastorálna teológia  |2 konspekt 
080 |a 21/29-1/-9  |2 2011 
080 |a 27-46  |2 2011 
100 1 |a Bellarmino, Roberto,  |c svätý,  |d 1542-1621  |4 aut  |9 173739 
245 1 0 |a Krestianského Včenj Zretedlné Wyloženj, z Katechysma  |c Z Poručenj Nevswětěgssýho Otce Clementa VIII. Rimského Papeže složeného Z wětssý částky wybrané, k snadněgssymu pochopenj, a zachowánj w krátké otázky, a odpovědi vwedené / od Wýsoce Welebného Roberta Bellarmina z Towaryšstwa Gežjssowého, Swateg Rimskeg Cýrkwi Kardynala 
250 |a 1. vyd. 
260 |a Wytištěno v Trnavě  |b w Ympressy Acad.  |c 1744 
300 |a 195, [1] s.  |c 8°  |c 16 x 10 cm 
500 |a Tlačiarenské signety, ozdobné linky 
510 4 |a Bibliografia 18. storočia  |c 8110 
650 0 7 |a náboženstvo  |2 SNKPH  |9 2023 
650 0 7 |a pastorálna teológia  |2 SNKPH  |9 1811 
650 0 7 |a katechizmy  |2 SNKPH  |9 37059 
700 0 |a Klement  |b VIII.,  |c pápež,  |d 1536-1605  |4 pat  |9 55535 
710 2 |a Akademická tlačiareň (Trnava, Slovensko)  |4 prt  |9 232890 
752 |a Slovensko  |d Trnava 
852 |a snk  |p SD 1101 
958 |a ONDV 
958 |a DD 
999 |c 903739  |d 905669 
952 |t P60, <04>, [BOOK], {604}  |a SNK  |b SNK  |y VYP  |7 0  |p 17A0427669  |o snkSD 1101 D1  |i snkKSF 626/57  |0 0  |1 0  |4 0  |d 2004-05-10  |l 0  |r 2005-01-02 00:00:00  |w 2026-02-24 
952 |a SNK  |b SNK  |y PREZ  |7 0  |p 17A1092374  |o snkSD 1101 D2  |i snk2013/27541  |8 3  |g 60.00  |0 0  |1 0  |4 0  |d 2013-11-13  |l 0  |r 2026-02-24 07:21:00  |w 2026-02-24